|
|
แสดงรายละเอียดบรรณานุกรม |
|
|
Brief Record
: Get Marc (ISO 2709)
: E-mail record
: |
| LEADER 00000nama 2200000uu 4500 | |||
| 001 189783 | |||
| 003 ULIBM | |||
| 008 040531s1992 th m m a000 0 tha d | |||
| 020 0-07-060565-3 | |||
| 041 eng | |||
| 050 HQ767 S725c 1992 | |||
| 100 Sroufe, L. Alan | |||
| 245 Child development : its nature and course 001 | |||
| 246 Child psychology | |||
| 260 New York McGraw-Hill 1992 | |||
| 300 684 p. | |||
| 650 Child development | |||
| 998 2003-10-15 | |||
| คุณยังไม่ได้ล็อกอิน คุณสามารถมีกิจกรรมร่วมกับเว็บไซต์ได้ แต่ต้องล็อกอินก่อน :: |
|
| สถานะ | |||||||||
| 1. | หนังสือทั่วไป สถานะ=อยู่บนชั้นแสดงหนังสือ | HQ767 S725c 1992 | On Shelf ขอยืม | ||||||
| [แสดง 1/1 รายการ] | |||||||||
| รายการใกล้เคียง หัวเรื่อง [Child development]
|
BibComment |
| คอมเมนท์ทรัพยากรรายการนี้ |
|
|